Chemistry and our world / (Record no. 12905)

000 -LEADER
fixed length control field 00911aam a2200157 a 4500
020 ## - INTERNATIONAL STANDARD BOOK NUMBER
ISBN 0697165744 (pbk.)
040 ## - CATALOGING SOURCE
Transcribing agency DLC
082 ## - DEWEY DECIMAL CLASSIFICATION NUMBER
Classification number 540 WM.C 1997 A028 Or.
100 1# - MAIN ENTRY--AUTHOR NAME
Personal name Gebelein, Charles G
245 10 - TITLE STATEMENT
Title Chemistry and our world /
260 ## - PUBLICATION, DISTRIBUTION, ETC. (IMPRINT)
Place of publication Dubuque, IA :
Name of publisher Wm. C. Brown,
Year of publication c1997
300 ## - PHYSICAL DESCRIPTION
Number of Pages xvi, 609 p. :
Other physical details ill. (some col.) ;
Dimensions 28 cm
520 ## - SUMMARY, ETC.
Summary, etc [The book] strives to teach students that chemistry is relevant and interesting to us as individuals and to our understanding of the changing world around us. Chemistry can indeed be presented in a relevant fashion to those students for whom this may be their only science course. To that end, [the book] is sculpted to meet the needs of this specific group of students. The more matheamtical and theoretical aspects of chemistry are de-emphasized, and the more practical, or applied aspects are accentuated. -Pref
650 #0 - SUBJECT ADDED ENTRY--TOPICAL TERM
Topical Term Chemistry
942 ## - ADDED ENTRY ELEMENTS (KOHA)
Koha item type សៀវភៅភាសាអង់គ្លេស
952 ## - LOCATION AND ITEM INFORMATION (KOHA)
Withdrawn status [LOCAL, KOHA] 0
Holdings
Permanent Location Date acquired Koha item type Lost status Shelving location Barcode Current Location Full call number
Library Block A2017-08-18សៀវភៅភាសាអង់គ្លេស A028A13498Library Block A540 WM.C 1997 A028 Or.
មជ្ឈមណ្ឌលឯការនៃសាកលវិទ្យាល័យភូមិន្ទកសិកម្មចំការដូង

Powered by Koha